Benchmarking konkurencieschopnosti Slovenskej ekonomiky

Hodnotenie konkurencieschopnosti krajín. Index rastu konkurencieschopnosti a Slovensko. Indexy inovačnej vyspelosti podľa Európskeho inovačného poradia. Sumárny inovačný index v EÚ 25. Index ekonomickej slobody. Výsledky, ktoré priniesli uvedené porovnania konkurencieschopnosti pre Slovensko a ďalší...

Descripción completa

Guardado en:
Detalles Bibliográficos
Autor principal: Verček, Peter
Formato: Capítulo de libro
Lenguaje:eslovaco
Materias:
Etiquetas: Agregar Etiqueta
Sin Etiquetas, Sea el primero en etiquetar este registro!

MARC

LEADER 00000naa$a2200000$$$4500
001 0060837
005 20240502071657.6
041 0 |a slo 
044 |a SK 
245 1 0 |a Benchmarking konkurencieschopnosti Slovenskej ekonomiky  |c Peter Verček 
520 |a Hodnotenie konkurencieschopnosti krajín. Index rastu konkurencieschopnosti a Slovensko. Indexy inovačnej vyspelosti podľa Európskeho inovačného poradia. Sumárny inovačný index v EÚ 25. Index ekonomickej slobody. Výsledky, ktoré priniesli uvedené porovnania konkurencieschopnosti pre Slovensko a ďalší vývoj. 
610 2 0 |a Slovensko 
610 2 0 |a hospodárstvo národné 
610 2 0 |a konkurencieschopnosť 
610 2 0 |a porovnanie medzinárodné 
610 2 0 |a indexy 
100 1 |a Verček, Peter